Personal ministry. (Record no. 12751)

000 -LEADER
fixed length control field 00526nam a2200181 a 4500
001 - CONTROL NUMBER
control field :::00010565$&:&@@
003 - CONTROL NUMBER IDENTIFIER
control field OkBaRHE
005 - DATE AND TIME OF LATEST TRANSACTION
control field 20000607103400.0
008 - FIXED-LENGTH DATA ELEMENTS--GENERAL INFORMATION
fixed length control field s1986 j 000 0 eng u
040 ## - CATALOGING SOURCE
Transcribing agency
100 1# - MAIN ENTRY--PERSONAL NAME
Personal name Richards, Larry.
245 10 - TITLE STATEMENT
Title Personal ministry.
260 ## - PUBLICATION, DISTRIBUTION, ETC. (IMPRINT)
Place of publication, distribution, etc Grand Rapids, MI., :
Name of publisher, distributor, etc Baker Book House
Date of publication, distribution, etc c1986
300 ## - PHYSICAL DESCRIPTION
Extent 275 p. ;
Dimensions 22 cm.
650 ## - SUBJECT ADDED ENTRY--TOPICAL TERM
Topical term or geographic name as entry element Christian Life
942 ## - ADDED ENTRY ELEMENTS (KOHA)
Source of classification or shelving scheme
Koha item type Books
Copies
Date acquired Shelving location Barcode Damaged status Price effective from Permanent Location Lost status Copy number Date last seen Not for loan Koha item type Source of classification or shelving scheme Withdrawn status Full call number
2010-04-14General Stacks10565 2010-04-14RHEMA Bible Training College 12010-04-14 Books  BV 4501 .R5